|
|
|
|
| LEADER |
01740nam a2200397 i 4500 |
| 001 |
EBC1345169 |
| 003 |
MiAaPQ |
| 005 |
20200520144314.0 |
| 006 |
m o d | |
| 007 |
cr cnu|||||||| |
| 008 |
140730s2004 gw a ob 001 0 ger|d |
| 020 |
|
|
|z 9783486200140
|
| 020 |
|
|
|a 9783486707588 (e-book)
|
| 035 |
|
|
|a (MiAaPQ)EBC1345169
|
| 035 |
|
|
|a (Au-PeEL)EBL1345169
|
| 035 |
|
|
|a (CaPaEBR)ebr10891342
|
| 035 |
|
|
|a (OCoLC)879549821
|
| 040 |
|
|
|a MiAaPQ
|b eng
|e rda
|e pn
|c MiAaPQ
|d MiAaPQ
|
| 050 |
|
4 |
|a RA412.5.G7
|b L56 2004
|
| 100 |
1 |
|
|a Lindner, Ulrike,
|e author.
|
| 245 |
1 |
0 |
|a Gesundheitspolitik in der Nachkriegszeit :
|b Grossbritannien und die Bundesrepublik Deutschland im Vergleich /
|c Ulrike Lindner.
|
| 264 |
|
1 |
|a Munchen :
|b Oldenbourg Wissenschaftsverlag,
|c 2004.
|
| 300 |
|
|
|a 1 online resource (582 pages) :
|b illustrations.
|
| 336 |
|
|
|a text
|2 rdacontent
|
| 337 |
|
|
|a computer
|2 rdamedia
|
| 338 |
|
|
|a online resource
|2 rdacarrier
|
| 490 |
1 |
|
|a Veroffentlichungen des Deutschen Historischen Instituts London =
|a Publications of the German Historical Institute London ;
|v Band 57
|
| 504 |
|
|
|a Includes bibliographical references and index.
|
| 588 |
|
|
|a Description based on online resource; title from PDF title page (ebrary, viewed July 30, 2014).
|
| 590 |
|
|
|a Electronic reproduction. Ann Arbor, MI : ProQuest, 2015. Available via World Wide Web. Access may be limited to ProQuest affiliated libraries.
|
| 651 |
|
0 |
|a Great Britain.
|
| 651 |
|
0 |
|a Germany.
|
| 655 |
|
4 |
|a Electronic books.
|
| 797 |
2 |
|
|a ProQuest (Firm)
|
| 830 |
|
0 |
|a Veroffentlichungen des Deutschen Historischen Instituts in London ;
|v Bd. 57.
|
| 856 |
4 |
0 |
|u https://ebookcentral.proquest.com/lib/matrademy/detail.action?docID=1345169
|z Click to View
|